000 01809cam a2200241 4500500
005 20251228074200.0
041 _afre
042 _adc
100 1 0 _aWallenhorst, Nathanaël
_eauthor
700 1 0 _aOuld-Ferhat, Laurence
_eauthor
245 0 0 _aEffets paradoxaux des pratiques numériques sur les transformations du travail dans un pôle de CHU
260 _c2017.
500 _a12
520 _aRésuméCette interview rend compte d'une recherche réalisée en milieu hospitalier à partir d'entretiens portant sur le traitement des mails. Ceux-ci ont conduit à découvrir d'autres outils numériques qui transforment radicalement l'organisation du travail entre les médecins et les assistantes. L'auteur formule l'hypothèse que le mail peut être un petit objet sociologique intéressant donnant accès à l'activité d'une organisation comme aux transformations du travail.
520 _aParadoxical effects of digital practices on workplace transformation in a university hospitalThis interview relates to hospital research focusing on the perceptions of email handling amongst staff. The research has led to the discovery of other digital tools which have radically transformed work organization between doctors and assistants. The author formulates the hypothesis that email handling is of some small sociological interest because it offers a window onto organizational activity and transformation in the workplace.
690 _aCHU
690 _aMÉTHODOLOGIE SOCIOLOGIQUE
690 _aPRATIQUES NUMÉRIQUES
690 _aSOCIOLOGIE DU MAIL
690 _aTRANSFORMATIONS DU TRAVAIL
786 0 _nSociologies pratiques | 34 | 1 | 2017-05-10 | p. 103-109 | 1235-9278
856 4 1 _uhttps://shs.cairn.info/revue-sociologies-pratiques-2017-1-page-103?lang=fr&redirect-ssocas=7080
999 _c1597028
_d1597028